Studies on Seedling Blight of Wheat caused by Helminthosporium Sativum Pammel, King & Bakke (Record no. 52177)

MARC details
000 -LEADER
fixed length control field 00467nam a22001697a 4500
003 - CONTROL NUMBER IDENTIFIER
control field OSt
008 - FIXED-LENGTH DATA ELEMENTS--GENERAL INFORMATION
fixed length control field 260622b |||||||| |||| 00| 0 eng d
082 ## - DEWEY DECIMAL CLASSIFICATION NUMBER
Classification number 633.1194
Item number S61S
100 ## - MAIN ENTRY--PERSONAL NAME
Personal name Sinha, B.K
245 ## - TITLE STATEMENT
Title Studies on Seedling Blight of Wheat caused by Helminthosporium Sativum Pammel, King & Bakke
260 ## - PUBLICATION, DISTRIBUTION, ETC. (IMPRINT)
Place of publication, distribution, etc Sabour, Bhagalpur
Name of publisher, distributor, etc BAU
Date of publication, distribution, etc 1962
300 ## - PHYSICAL DESCRIPTION
Extent 116 p.
502 ## - DISSERTATION NOTE
Degree type Msc. Ag.
Year degree granted 1962
650 ## - SUBJECT ADDED ENTRY--TOPICAL TERM
Topical term or geographic name as entry element Plant Pathology
650 ## - SUBJECT ADDED ENTRY--TOPICAL TERM
Topical term or geographic name as entry element Thesis
942 ## - ADDED ENTRY ELEMENTS (KOHA)
Source of classification or shelving scheme
Koha item type Thesis
Holdings
Withdrawn status Lost status Source of classification or shelving scheme Damaged status Not for loan Home library Current library Date acquired Source of acquisition Cost, normal purchase price Total Checkouts Full call number Barcode Date last seen Bill Date Koha item type
          Dr. Rajendra Prasad Central Agricultural University Pusa, Dr. Rajendra Prasad Central Agricultural University Pusa, 22/06/2026 By Authors 0.00   633.1194 S61S 46545-UL 22/06/2026 22/06/2026 Thesis
Hosted, Implemented, Customized & Maintained by: BestBookBuddies

Powered by Koha